000 00479nam a2200181 a 4500
001 1766566527575
003 YourLibrary
005 20251226115019.0
008 251224s2008##################000#0#eng##
020 _a9780710308269
082 0 4 _a281.0809
_bTHO
100 1 _aBudge, Sir Ernest Alfred Wallis,
_eauthor.
245 1 0 _aThe Book of Governors :
260 _bRoutledge,
_c2008.
650 0 _aAsceticism.
942 _cENGLISH
040 _aYourLibrary
_beng
_cYourLibrary
999 _c604665
_d604665